Marketingová filozofia firiem ako základ trhovej orientácie

Na minha lista:
Detalhes bibliográficos
Autor principal: Dudinská, Elvíra
Formato: Capítulo de Livro
Idioma:eslovaco
Tags: Adicionar Tag
Sem tags, seja o primeiro a adicionar uma tag!

MARC

LEADER 00000naa$a2200000$$$4500
001 0064739
005 20240502071748.0
041 0 |a slo 
044 |a SK 
245 1 0 |a Marketingová filozofia firiem ako základ trhovej orientácie  |c Elvíra Dudinská 
100 1 |a Dudinská, Elvíra